000 00514nam a2200157 i 4500
001 74443
003 ES-MaACL
005 20230906172133.0
007 t|
008 040920s1924 sp ||||1| spa d
100 1 _aGonzález y Martínez, Jerónimo.
_959036
245 1 0 _aEstudios de Derecho Hipotecario
_b: (orígenes, sistemas y fuentes) /
_cpor Jerónimo González y Martínez.
260 _aMadrid :
_b[s.n.,
_c1924] (
_fImp. de Estanislao Maestre)
300 _a384 p. ;
_c20 cm.
852 _aES-MaACL
_jC-33616
999 _c74443
_d74443